The psychology of military leadership /

Bibliographic Details
Main Author: Pennington, L. A. (Leon Alfred), 1908-
Other Authors: Hough, Romeyn Beck, 1895-, Case, H. W.
Format: Book
Language:English
Published: New York : Prentice-Hall, 1943.
Series:Prentice-Hall psychology series.
Subjects:

MARC

Tag First Indicator Second Indicator Subfields
LEADER 00000cam a2200000 a 4500
001 in00000061161
005 20151008051630.0
008 730109s1943 nyu b 00100 eng u
010 |a  43001412  
035 |a (OCoLC)00531318 
035 |9 AAG9085AM 
040 |c YNG  |d TXA  |d UtOrBLW 
049 |a TXAM  |c 2 [110350]  |a TXAS [mil]  |c 3 
050 0 |a UB210  |b .P4 
090 |a UB210  |b .P46 1943 
092 |a 355.331  |b P414p 
100 1 |a Pennington, L. A.  |q (Leon Alfred),  |d 1908- 
245 1 4 |a The psychology of military leadership /  |c by L.A. Pennington, Romeyn B. Hough, Jr., and H.W. Case ; foreword by Wilton B. Persons. 
264 1 |a New York :  |b Prentice-Hall,  |c 1943. 
300 |a ix, 288 pages ;  |c 24 cm. 
336 |a text  |b txt  |2 rdacontent 
337 |a unmediated  |b n  |2 rdamedia 
338 |a volume  |b nc  |2 rdacarrier 
490 1 |a Prentice-Hall psychology series 
504 |a Includes bibliographies and index. 
650 0 |a Leadership. 
700 1 |a Hough, Romeyn Beck,  |d 1895- 
700 1 |a Case, H. W. 
830 0 |a Prentice-Hall psychology series. 
999 |a MARS 
999 f f |s b9749436-b19f-309e-a5b5-8c0456e0b827  |i cbe13654-cfb8-3c20-a91f-571256649449  |t 0 
952 f f |p ric  |a Texas A&M University  |b Rellis Campus  |c Joint Library Facility  |d Remote Storage  |t 0  |e UB210 .P46 1943  |h Library of Congress classification  |i unmediated -- volume  |m A14800804922 
952 f f |p noncirc  |a Texas A&M University  |b College Station  |c Cushing Memorial Library & Archives  |d Cushing: Ragan Military (Does not check out)  |t 0  |e UB210 .P46 1943  |h Library of Congress classification  |i unmediated -- volume 
998 f f |a UB210 .P46 1943  |t 0  |l Remote Storage 
998 f f |a UB210 .P46 1943  |t 0  |l Cushing: Ragan Military (Does not check out)